Hỏi đáp về môn học chính trị : (Theo giáo trình chính trị dùng trong các trường trung cấp chuyên nghiệp của Bộ giáo dục và Đào tạo)

Nội dung gồm 72 câu hỏi và trả lời , phản ánh nội dung cơ bản của các bài trong giáo trình chính trị. Hình thức trả lời là nêu ngắn gọn các ý theo dạng đề cương hoàn chỉnh , có đôi chỗ giải thích cụ thể thêm....

সম্পূর্ণ বিবরণ

সংরক্ষণ করুন:
গ্রন্থ-পঞ্জীর বিবরন
প্রধান লেখক: Lê, Thế Lạng
বিন্যাস: গ্রন্থ
ভাষা:Undetermined
প্রকাশিত: Hà Nội Giáo Dục 2007
বিষয়গুলি:
ট্যাগগুলো: ট্যাগ যুক্ত করুন
কোনো ট্যাগ নেই, প্রথমজন হিসাবে ট্যাগ করুন!
Thư viện lưu trữ: Trung tâm Học liệu Trường Đại học Cần Thơ
LEADER 01075nam a2200217Ia 4500
001 CTU_127833
008 210402s9999 xx 000 0 und d
020 |c 14000 
082 |a 320.01 
082 |b L106 
100 |a Lê, Thế Lạng 
245 0 |a Hỏi đáp về môn học chính trị : 
245 0 |b (Theo giáo trình chính trị dùng trong các trường trung cấp chuyên nghiệp của Bộ giáo dục và Đào tạo) 
245 0 |c Lê Thế Lạng, Nguyễn Đình Trình 
260 |a Hà Nội 
260 |b Giáo Dục 
260 |c 2007 
520 |a Nội dung gồm 72 câu hỏi và trả lời , phản ánh nội dung cơ bản của các bài trong giáo trình chính trị. Hình thức trả lời là nêu ngắn gọn các ý theo dạng đề cương hoàn chỉnh , có đôi chỗ giải thích cụ thể thêm. 
650 |a Political science,Khoa học chính trị 
904 |i Tuyến 
980 |a Trung tâm Học liệu Trường Đại học Cần Thơ